000 00442nam a2200181Ia 4500
001 18077
005 20260306171604.0
008 260306s9999||||xx |||||||||||||| ||und||
041 _aESP
082 _a658.4
_bW53 2011
100 _aWhetten, David A.
_eAUT
245 0 _aDesarrollo de habilidades directivas
260 _c2011
300 _axxiv, 712 páginas :
_c27 cm.
650 _aGEN
654 _aCAN
942 _cLIB
_dJUS
_fJUS
_2ddc
_n
999 _c18077
_d18077